000 00595nam a2200205Ii 4500
001 6945
003 CO-ViMGA
008 241108s9999||||xx |||||||||||||| ||und||
040 _aCO-ViMGA
_bspa
_erda
_cCO-ViMGA
041 0 _aunk
082 0 4 _a891.73-D722pr
100 1 _aFedor Dostoievski
_946738
245 1 0 _a<El> principe idiota
264 1 _a[Lugar de publicación no identificado] : Provensa, 1972
300 _avolumen
336 _atext
_btxt
_2rdacontent
337 _aunmediated
_bn
_2rdamedia
338 _avolume
_bnc
_2rdacarrier
940 _aidficha_siabuc: 6787. -- ficha_no_siabuc:6945
999 _c51488
_d51488